000 00520nam a22001817a 4500
005 20251108165307.0
008 250721s1985 xx 000 0 ara d
082 1 4 _a956.51/عما
100 1 _aموسى، سليمان
_eمحرر
245 1 0 _aعمان عاصمة الأردن /
264 1 _aعمان :
_bأمانة العاصمة،
_c1985.
300 _a295ص : مص
650 1 7 _aتاريخ الأردن
650 1 7 _aالتاريخ
650 1 7 _aالمدن العربية
942 _2ddc
_cBK
999 _c24361
_d24361